000 00700cam a22002533a 4500
001 7353
003 PGUSA
005 20140828083143.0
008 050101s2005||||xxu|||||s|||||000 | eng d
040 _aPGUSA
_beng
042 _adc
050 4 _aQL
050 4 _aPR
100 1 _aHudson, W. H.
_q(William Henry),
_d1841-1922
245 1 0 _aBirds in Town and Village
_h[electronic resource] /
_cW. H. Hudson
260 _bProject Gutenberg,
_c2005
506 _aPublic domain in the USA.
516 _aElectronic text
653 _aBirds -- England
740 0 _aBirds in Town and Village
830 0 _aProject Gutenberg
_v7353
856 4 0 _uhttp://www.gutenberg.org/ebooks/7353
942 _cEB
999 _c236673
_d236673